[Event "Women's Speed Chess Q3"]
[Site "chess.com INT"]
[Date "2021.05.30"]
[Round "8"]
[White "Bommini, Mounika Akshaya"]
[Black "Obregon Garcia, Roxangel"]
[Result "0-1"]
[WhiteTitle "WFM"]
[BlackTitle "WIM"]
[WhiteElo "2029"]
[BlackElo "2167"]
[WhiteFideId "25019872"]
[BlackFideId "3520420"]
[EventDate "2021.05.30"]

1. d4 d5 2. c4 c6 3. Nc3 Nf6 4. cxd5 cxd5 5. Bf4 Nc6 6. e3 Bg4 7. Qb3 Na5 8.
Bb5+ Bd7 9. Qa4 Nc4 10. Bxd7+ Qxd7 11. Qxd7+ Kxd7 12. b3 Na3 13. Kd2 e6 14. Nf3
Bb4 15. Rhc1 Rac8 16. Kd3 Ke7 17. Na4 Ne4 18. Ke2 b5 19. Nc5 Bxc5 20. dxc5 Nxc5
21. Nd4 Ne4 22. f3 Nd6 23. Nc6+ Kd7 24. Ne5+ Ke7 25. Kd2 f6 26. Nd3 e5 27. Bg3
a5 28. Nc5 b4 29. f4 e4 30. Na6 Nab5 31. Rxc8 Rxc8 32. Rc1 Nc3 33. a4 Rc6 34.
Nb8 Rb6 35. f5 Rxb8 36. Rxc3 bxc3+ 37. Kxc3 Rc8+ 38. Kd4 Nxf5+ 0-1

[Event "Women's Speed Chess Q3"]
[Site "chess.com INT"]
[Date "2021.05.30"]
[Round "8"]
[White "Zawadzka, Jolanta"]
[Black "Cori T., Deysi"]
[Result "1/2-1/2"]
[WhiteTitle "WGM"]
[BlackTitle "WGM"]
[WhiteElo "2399"]
[BlackElo "2388"]
[WhiteFideId "1122320"]
[BlackFideId "3801934"]
[EventDate "2021.05.30"]

1. e4 e6 2. d4 d5 3. Nc3 Nf6 4. e5 Nfd7 5. f4 c5 6. Nf3 Nc6 7. Be3 b6 8. Qd2 Qc7
9. Bb5 a6 10. Bxc6 Qxc6 11. O-O g6 12. Ne2 h5 13. c3 a5 14. Ng5 Ba6 15. Rf2 Rc8
16. h4 Qb5 17. Ng3 Nb8 18. Re1 Qd3 19. Qxd3 Bxd3 20. Rd2 Bc4 21. b3 Ba6 22. Rc1
Nc6 23. Nf3 Ne7 24. Kf2 Nc6 25. c4 dxc4 26. Ne4 Be7 27. dxc5 Nb4 28. bxc4 bxc5
29. a3 Nc6 30. Nxc5 Bxc5 31. Bxc5 Ne7 32. Bd6 Nf5 33. c5 Bb7 34. Nd4 Nxd4 35.
Rxd4 Bd5 36. Rb1 Kd7 37. Rb6 Rc6 38. Ra4 Rxb6 39. cxb6 Ra8 40. Bc7 Kc6 41. Rd4
a4 42. g3 Kb7 43. Ke3 Ra5 44. Rb4 Bc6 45. Rd4 Bd5 46. Kd2 Kc6 47. Rb4 Kb7 48.
Ke3 Bc6 49. Rd4 Bd5 1/2-1/2

[Event "Women's Speed Chess Q3"]
[Site "chess.com INT"]
[Date "2021.05.30"]
[Round "8"]
[White "Komiagina, Maria"]
[Black "Kazarian, Anna-Maja"]
[Result "0-1"]
[WhiteTitle "WIM"]
[BlackTitle "FM"]
[WhiteElo "2241"]
[BlackElo "2096"]
[WhiteFideId "4153987"]
[BlackFideId "1033689"]
[EventDate "2021.05.30"]

1. d4 d5 2. Nf3 Nf6 3. Bf4 e6 4. e3 Bd6 5. Nbd2 O-O 6. Bd3 c5 7. c3 Nc6 8. O-O
Re8 9. h3 e5 10. dxe5 Nxe5 11. Nxe5 Bxe5 12. Bxe5 Rxe5 13. Nf3 Re8 14. Bc2 Be6
15. Ng5 Qc7 16. Qf3 Qe5 17. Nxe6 fxe6 18. Rfd1 Rf8 19. Qe2 Rab8 20. Rd2 b5 21.
Rad1 b4 22. c4 Kh8 23. b3 Rbd8 24. f4 Qc7 25. Qf3 a5 26. g4 dxc4 27. bxc4 g6 28.
g5 Ng8 29. Ba4 Rxd2 30. Rxd2 Rd8 31. Qd1 Rxd2 32. Qxd2 Kg7 33. Qb2+ Kf8 34. Qd2
Ne7 35. Kf2 Nf5 36. Bc2 Nd6 37. Bb3 Ne4+ 38. Ke2 Nxd2 0-1

[Event "Women's Speed Chess Q3"]
[Site "chess.com INT"]
[Date "2021.05.30"]
[Round "8"]
[White "Tarasova, Viktoriya"]
[Black "Papp, Petra"]
[Result "1-0"]
[WhiteTitle "WIM"]
[BlackTitle "WGM"]
[WhiteElo "2226"]
[BlackElo "2336"]
[WhiteFideId "4175840"]
[BlackFideId "739049"]
[EventDate "2021.05.30"]

1. d4 Nf6 2. c4 c5 3. d5 b5 4. cxb5 a6 5. bxa6 d6 6. Nc3 g6 7. Nf3 Bxa6 8. e4
Bxf1 9. Kxf1 Bg7 10. g3 O-O 11. Kg2 Nbd7 12. a4 Qb6 13. Qc2 Rfb8 14. Nb5 Ne8 15.
Bd2 Nc7 16. Nxc7 Qxc7 17. Bc3 f6 18. Ra3 Ne5 19. Nxe5 fxe5 20. a5 c4 21. Rha1
Ra6 22. Ra4 Qc5 23. Qe2 Rc8 24. h3 h5 25. Bd2 Qb5 26. Bc3 Rc5 27. Rb4 Qd7 28.
Rxc4 Rb5 29. Rca4 Kh7 30. b4 h4 31. g4 Bh6 32. Bd2 Bf4 33. Bxf4 exf4 34. Rc1 g5
35. Qc4 Ra8 36. Qc6 Qxc6 37. dxc6 Rd8 38. c7 Rc8 39. a6 Rb6 40. a7 d5 41. exd5
e6 42. a8=Q Rxa8 43. Rxa8 1-0

[Event "Women's Speed Chess Q3"]
[Site "chess.com INT"]
[Date "2021.05.30"]
[Round "8"]
[White "Linares Napoles, Oleiny"]
[Black "Voit, Daria"]
[Result "0-1"]
[WhiteTitle "WGM"]
[BlackTitle "WGM"]
[WhiteElo "2255"]
[BlackElo "2360"]
[WhiteFideId "3504794"]
[BlackFideId "4182146"]
[EventDate "2021.05.30"]

1. d4 Nf6 2. Bf4 d5 3. e3 c5 4. c3 Qb6 5. Qc1 Nc6 6. Nf3 Bf5 7. Be2 h6 8. h3 e6
9. O-O g5 10. Bg3 Be7 11. Nbd2 Rc8 12. dxc5 Qxc5 13. Nb3 Qb6 14. Re1 Ne4 15. Bh2
g4 16. hxg4 Bxg4 17. Nbd4 Rg8 18. Nxc6 bxc6 19. Ne5 Bxe2 20. Rxe2 c5 21. Qe1 c4
22. f3 Nc5 23. Bf4 f6 24. Ng4 Nd3 25. Qh4 Nxf4 26. Rf2 Ng6 27. Nxf6+ Kf7 28. Qh5
Bxf6 29. Re1 Ke7 30. Kh1 Rcf8 31. Rfe2 Ne5 32. e4 d4 33. cxd4 Qxd4 34. Rc2 Rg5
35. Qh3 Nd3 36. Rd1 Nf2+ 37. Rxf2 Qxd1+ 38. Kh2 Rfg8 39. f4 Rh5 40. Qxh5 Qxh5+
41. Kg1 Qd1+ 42. Kh2 Bd4 43. Rf3 Qg1+ 44. Kh3 Qh1# 0-1

[Event "Women's Speed Chess Q3"]
[Site "chess.com INT"]
[Date "2021.05.30"]
[Round "8"]
[White "Vargas, Gabriela"]
[Black "Dwilewicz, Katarzyna"]
[Result "0-1"]
[WhiteTitle "WIM"]
[BlackTitle "WFM"]
[WhiteElo "2170"]
[BlackElo "2092"]
[WhiteFideId "3700860"]
[BlackFideId "1148486"]
[EventDate "2021.05.30"]

1. d4 Nf6 2. Nf3 e6 3. Bg5 h6 4. Bh4 d6 5. Nbd2 g5 6. Bg3 Nh5 7. e3 Nd7 8. Bd3
Bg7 9. c3 Qe7 10. Qe2 b6 11. Be4 d5 12. Bd3 Nxg3 13. hxg3 Bb7 14. e4 dxe4 15.
Nxe4 O-O-O 16. Ba6 Kb8 17. Bxb7 Kxb7 18. a4 f5 19. Ned2 a6 20. b4 e5 21. a5 b5
22. c4 Rhe8 23. cxb5 exd4 24. Qxe7 Rxe7+ 25. Kd1 axb5 26. Nb3 Ne5 27. Nc5+ Ka7
28. Nxe5 Rxe5 29. Re1 Rxe1+ 30. Kxe1 d3 31. Rd1 Bc3+ 32. Kf1 d2 33. Ke2 Bxb4 34.
Nd3 Bxa5 35. f4 Kb6 36. fxg5 hxg5 37. Nf2 c5 38. Nd3 c4 39. Nb2 Re8+ 40. Kf3 Re1 0-1

[Event "Women's Speed Chess Q3"]
[Site "chess.com INT"]
[Date "2021.05.30"]
[Round "8"]
[White "Makhija, Aashna"]
[Black "Priyanka, K"]
[Result "1/2-1/2"]
[WhiteTitle "WIM"]
[BlackTitle "WIM"]
[WhiteElo "1969"]
[BlackElo "2218"]
[WhiteFideId "25011944"]
[BlackFideId "5082986"]
[EventDate "2021.05.30"]

1. Nf3 Nf6 2. g3 g6 3. Bg2 Bg7 4. O-O O-O 5. d4 d6 6. c4 Nc6 7. Nc3 Bg4 8. d5
Bxf3 9. exf3 Ne5 10. Qe2 c5 11. f4 Ned7 12. Bd2 a6 13. Rfe1 Re8 14. a4 Rb8 15.
b3 Qb6 16. Rab1 h5 17. h3 e5 18. dxe6 Rxe6 19. Qd3 Rbe8 20. Nd5 Nxd5 21. Bxd5
Rxe1+ 22. Rxe1 Rxe1+ 23. Bxe1 Nf6 24. Bg2 Qc7 25. Bc3 Qe7 26. Qe3 Qxe3 27. fxe3
b6 28. Kf2 Ne4+ 29. Bxe4 Bxc3 30. g4 hxg4 31. hxg4 Kf8 32. Bd5 a5 33. Kf3 Ke7
34. e4 Bd4 35. Kg3 f6 36. Kf3 g5 37. f5 Be5 38. Ke3 Bf4+ 39. Kf3 Be5 40. Ke3
Bf4+ 41. Kf3 Be5 1/2-1/2

[Event "Women's Speed Chess Q3"]
[Site "chess.com INT"]
[Date "2021.05.30"]
[Round "8"]
[White "Shuvalova, Polina"]
[Black "Balabayeva, Xeniya"]
[Result "1-0"]
[WhiteTitle "IM"]
[BlackTitle "WFM"]
[WhiteElo "2484"]
[BlackElo "2178"]
[WhiteFideId "24171760"]
[BlackFideId "13719688"]
[EventDate "2021.05.30"]

1. e4 c6 2. d4 d5 3. e5 c5 4. dxc5 Nc6 5. f4 e6 6. Nf3 Bxc5 7. Nc3 Nge7 8. Bd3
a6 9. Qe2 h6 10. a3 b5 11. Be3 Bxe3 12. Qxe3 d4 13. Nxd4 Qxd4 14. Qg3 g5 15. Ne4
gxf4 16. Qxf4 Qxe5 17. Qf3 f5 18. Qh5+ Kd8 19. O-O-O Kc7 20. Nc3 Bd7 21. Rhe1
Qf4+ 22. Kb1 Rhg8 23. g3 Qg4 24. Qxh6 Qg5 25. Qh3 Rh8 26. Qg2 Qh5 27. h4 Rag8
28. Bxb5 axb5 29. Nxb5+ Kc8 30. Qd2 Nd5 31. c4 Nb6 32. Qd6 Kd8 33. Qxc6 Ke7 34.
Qxb6 Rd8 35. Qd6+ Kf7 36. Nc7 Bc8 37. Qxd8 Rxd8 38. Rxd8 Bb7 39. Rd7+ Kf6 40.
Rxe6# 1-0

[Event "Women's Speed Chess Q3"]
[Site "chess.com INT"]
[Date "2021.05.30"]
[Round "8"]
[White "Zuriel, Marisa"]
[Black "Mendoza, Shania Mae"]
[Result "1-0"]
[WhiteTitle "WIM"]
[BlackTitle "WFM"]
[WhiteElo "2203"]
[BlackElo "2158"]
[WhiteFideId "109142"]
[BlackFideId "5211158"]
[EventDate "2021.05.30"]

1. e4 e5 2. Nf3 Nc6 3. Bc4 Nf6 4. O-O Be7 5. d3 O-O 6. c3 d6 7. Bb3 Nb8 8. h3
Nbd7 9. Re1 c5 10. d4 b5 11. a4 b4 12. Nbd2 a5 13. d5 Ba6 14. c4 Nb6 15. Qe2 Re8
16. Bc2 Bf8 17. b3 g6 18. g4 Bg7 19. Nf1 Qc7 20. Ng3 Rab8 21. Kg2 Rb7 22. Rh1
Reb8 23. Rb1 Qd7 24. Bd3 Nxa4 25. bxa4 b3 26. Rb2 Qxa4 27. g5 Ne8 28. h4 Qd7 29.
h5 a4 30. Nh4 a3 31. Rb1 b2 32. Bxb2 Rxb2 33. Rxb2 Rxb2 34. Qf3 a2 35. Ra1 Qa4
36. Ngf5 Bxc4 37. hxg6 hxg6 38. Ne7+ Kh7 39. Nhxg6 fxg6 40. Qh3+ 1-0

[Event "Women's Speed Chess Q3"]
[Site "chess.com INT"]
[Date "2021.05.30"]
[Round "8"]
[White "Varney, Zoe"]
[Black "Ribeiro, Regina"]
[Result "0-1"]
[WhiteTitle "WCM"]
[BlackTitle "WIM"]
[WhiteElo "1917"]
[BlackElo "1920"]
[WhiteFideId "436135"]
[BlackFideId "2100681"]
[EventDate "2021.05.30"]

1. e4 c6 2. c4 d5 3. cxd5 cxd5 4. exd5 Nf6 5. Nc3 Nxd5 6. Nf3 Bg4 7. Qa4+ Bd7 8.
Qb3 Bc6 9. Bb5 Nxc3 10. bxc3 e6 11. O-O Be7 12. Bxc6+ bxc6 13. d4 Qb6 14. Be3
Qxb3 15. axb3 O-O 16. Ra4 a6 17. Ne5 Ra7 18. Rfa1 Rc7 19. Bf4 Bd6 20. Bg3 f6 21.
Nd3 Bxg3 22. hxg3 Rd8 23. Nc5 e5 24. Ne6 Rdd7 25. Nxc7 Rxc7 26. dxe5 fxe5 27. f4
exf4 28. gxf4 Kf7 29. g3 Kf6 30. Kg2 Re7 31. Kf3 Rd7 32. Ra5 Rd3+ 33. Kg4 Rxc3
34. Rf5+ Kg6 35. Rf8 Nd7 36. Rc8 Nf6+ 37. Kh3 Ne4 38. Rxa6 Rxg3+ 39. Kh2 Rxb3
40. Rcxc6+ Kf5 41. Ra5+ Kxf4 42. Rc4 Rb2+ 43. Kg1 Kf3 44. Ra3+ Kf4 45. Raa4 Re2
46. Kf1 Re3 47. Rcb4 Kf3 48. Ra7 Ng3+ 49. Kg1 Re1+ 50. Kh2 Rh1# 0-1

[Event "Women's Speed Chess Q3"]
[Site "chess.com INT"]
[Date "2021.05.30"]
[Round "8"]
[White "Marjanovic, Annamaria"]
[Black "Sliwicka, Alicja"]
[Result "0-1"]
[WhiteTitle "WGM"]
[BlackTitle "WIM"]
[WhiteElo "2338"]
[BlackElo "2346"]
[WhiteFideId "750930"]
[BlackFideId "1150677"]
[EventDate "2021.05.30"]

1. c4 c5 2. g3 Nc6 3. Bg2 g6 4. Nc3 Bg7 5. a3 e5 6. d3 Nge7 7. e4 d6 8. Nge2 O-O
9. O-O Be6 10. f4 exf4 11. Nxf4 Qd7 12. Nfd5 Bg4 13. Qc2 Nxd5 14. Nxd5 Nd4 15.
Qf2 f5 16. Bf4 fxe4 17. Bxe4 g5 18. Qg2 gxf4 19. Nxf4 Ne6 20. Bd5 Kh8 21. Nxe6
Bxe6 22. Bxe6 Qxe6 23. Qxb7 Bd4+ 24. Kh1 Qe2 25. Rfe1 Qf3+ 26. Qxf3 Rxf3 27.
Rad1 Raf8 28. Re6 R3f6 29. Re7 R8f7 30. Re8+ Kg7 31. Ra8 Rf2 32. b4 cxb4 33.
axb4 Re2 34. Rd8 Rff2 35. Rd7+ Kf8 36. Rxh7 Bc3 37. Rh4 Bxb4 38. Rb1 a5 39. Rg4
Bc3 40. Rh4 Bb4 41. Rb3 Rd2 42. Rb1 Rfe2 43. Rf1+ Rf2 44. Re1 Rde2 45. Rd1 a4
46. Rb1 Rb2 47. Ra1 a3 48. d4 a2 49. c5 Rb1+ 50. Rxb1 axb1=Q# 0-1

[Event "Women's Speed Chess Q3"]
[Site "chess.com INT"]
[Date "2021.05.30"]
[Round "8"]
[White "Golubeva, Oksana"]
[Black "Ambartsumova, Karina"]
[Result "0-1"]
[WhiteTitle "WFM"]
[BlackTitle "IM"]
[WhiteElo "2179"]
[BlackElo "2382"]
[WhiteFideId "4170164"]
[BlackFideId "4166299"]
[EventDate "2021.05.30"]

1. Nf3 Nf6 2. b3 g6 3. Bb2 Bg7 4. g3 O-O 5. Bg2 d6 6. d4 c5 7. dxc5 Qa5+ 8. Nbd2
Qxc5 9. O-O Qc7 10. c4 Nc6 11. e3 e5 12. h3 h6 13. Qe2 Be6 14. Ba3 Rfd8 15. Rfd1
d5 16. Rac1 Rac8 17. cxd5 Nxd5 18. Nc4 b5 19. Ncxe5 Bxe5 20. Rxc6 Qxc6 21. Nxe5
Qe8 22. Bb2 Nc3 23. Bxc3 Rxd1+ 24. Qxd1 Rxc3 25. Kh2 Rc5 26. Qd4 Rc7 27. Qf4 Qe7
28. Qxh6 Rc5 29. Nd3 Rh5 30. Qf4 Qd7 31. Ne5 Qc7 32. g4 Rxe5 33. Kg1 Rc5 34. Qe4
Rc1+ 35. Bf1 Kg7 36. g5 Qc5 37. Qf4 Qf5 38. Qd4+ Kh7 39. Qh4+ Kg8 40. Kg2 Bd5+
41. Kg1 Rxf1+ 42. Kxf1 Qd3+ 43. Ke1 Bf3 0-1

[Event "Women's Speed Chess Q3"]
[Site "chess.com INT"]
[Date "2021.05.30"]
[Round "8"]
[White "Kiran, Manisha Mohanty"]
[Black "Starosta, Martyna"]
[Result "1-0"]
[WhiteTitle "WGM"]
[BlackTitle "WCM"]
[WhiteElo "2168"]
[BlackElo "1910"]
[WhiteFideId "5019575"]
[BlackFideId "21818754"]
[EventDate "2021.05.30"]

1. e4 e5 2. Nf3 Nc6 3. Bb5 a6 4. Ba4 Nf6 5. O-O b5 6. Bb3 Be7 7. a4 Bb7 8. Re1
O-O 9. d3 d6 10. Nbd2 Na5 11. Ba2 c5 12. Nf1 b4 13. Bd2 Bc6 14. Ne3 Bd7 15. Nd5
Nxd5 16. Bxd5 Rb8 17. c3 b3 18. h3 Bc6 19. Bxc6 Nxc6 20. Nh2 Bg5 21. Bxg5 Qxg5
22. Qg4 Qe7 23. a5 Rb5 24. Nf1 Rxa5 25. Ne3 Qe6 26. Qxe6 fxe6 27. Rxa5 Nxa5 28.
Ra1 Nb7 29. Rxa6 Rd8 30. Rb6 Rb8 31. Nc4 Kf8 32. Nxd6 Rd8 33. Nxb7 Rb8 34. Nxc5
Rxb6 35. Nd7+ Ke7 36. Nxb6 Kd6 37. Nc4+ Kc5 38. Nxe5 g6 39. Nc4 Kb5 40. Nd2 Ka4
41. f4 Kb5 42. Nxb3 Kc6 43. Nd4+ Kd6 44. e5+ Ke7 45. Kf2 Kd7 46. Ke3 Ke7 47. Ke4
h6 48. Ne2 Kd7 49. Nd4 Ke7 50. b4 Kd7 51. b5 Ke7 52. b6 Kd7 53. b7 Kc7 54. Nxe6+
Kxb7 55. Nf8 g5 56. Ng6 Kc7 57. fxg5 Kd7 58. Kf5 1-0

[Event "Women's Speed Chess Q3"]
[Site "chess.com INT"]
[Date "2021.05.30"]
[Round "8"]
[White "Chu, Ruotong"]
[Black "Batsiashvili, Nino"]
[Result "1-0"]
[WhiteTitle "WIM"]
[BlackTitle "GM"]
[WhiteElo "2207"]
[BlackElo "2491"]
[WhiteFideId "8605653"]
[BlackFideId "13602993"]
[EventDate "2021.05.30"]

1. d4 f5 2. c4 Nf6 3. Nc3 g6 4. Nf3 Bg7 5. g3 O-O 6. Bg2 d6 7. O-O c6 8. Rb1 a5
9. a3 Qe8 10. d5 Bd7 11. b4 axb4 12. axb4 Nh5 13. Bb2 f4 14. Nd4 g5 15. dxc6
Nxc6 16. Nd5 Qf7 17. Nb6 Nxd4 18. Nxd7 Nxe2+ 19. Qxe2 f3 20. Bxf3 Qxf3 21. Qxf3
Rxf3 22. Bxg7 Kxg7 23. c5 Rd8 24. Nb6 d5 25. Rfd1 Rc3 26. Nxd5 Rc4 27. Nxe7
Rxd1+ 28. Rxd1 Rxb4 29. Rd7 Nf6 30. Rc7 Kf8 31. Nf5 Nd5 32. Rd7 Nc3 33. Nd6 Rb1+
34. Kg2 g4 35. Rf7+ Kg8 36. Rxb7 Rc1 37. Rb8+ Kg7 38. Rb7+ Kf6 39. c6 Ne2 40.
Ne4+ Ke5 41. f3 1-0

[Event "Women's Speed Chess Q3"]
[Site "chess.com INT"]
[Date "2021.05.30"]
[Round "8"]
[White "Zakirova, Aisha"]
[Black "Franco Valencia, Angela"]
[Result "1-0"]
[WhiteTitle "WCM"]
[BlackTitle "WIM"]
[WhiteElo "1585"]
[BlackElo "2089"]
[WhiteFideId "13719734"]
[BlackFideId "4403070"]
[EventDate "2021.05.30"]

1. d4 Nf6 2. c4 c5 3. d5 e6 4. Nc3 exd5 5. cxd5 Bd6 6. e4 O-O 7. Bd3 Re8 8. Nge2
c4 9. Bxc4 Nxe4 10. O-O Nf6 11. Bg5 h6 12. Bh4 Bf8 13. d6 Nc6 14. Nd5 Ne5 15.
Nxf6+ gxf6 16. Bb3 Qb6 17. Bxf6 Qxd6 18. Bxe5 Qxe5 19. Ng3 d6 20. Qf3 Be6 21.
Rfe1 Qxb2 22. Bxe6 Rxe6 23. Reb1 Qe5 24. h3 Rc8 25. Qxb7 Rc2 26. Qf3 Bg7 27. Re1
Qf6 28. Rxe6 Qxf3 29. Re8+ Kh7 30. gxf3 Bxa1 31. Re7 Rxa2 32. Rxf7+ Kg6 33. Rd7
Be5 34. Ne4 a5 35. Nxd6 a4 36. Nc4 Bf4 37. Rd4 Bc7 38. Rd7 Bb8 39. Rb7 Bf4 40.
Ra7 Bc1 41. Ra6+ Kf5 42. Ne3+ Ke5 43. Ra5+ Kd4 44. Nf5+ 1-0

[Event "Women's Speed Chess Q3"]
[Site "chess.com INT"]
[Date "2021.05.30"]
[Round "8"]
[White "Mohota, Nisha"]
[Black "Ramirez, Maria Eugenia"]
[Result "1-0"]
[WhiteTitle "IM"]
[BlackTitle "WFM"]
[WhiteElo "2195"]
[BlackElo "2057"]
[WhiteFideId "5004330"]
[BlackFideId "3301680"]
[EventDate "2021.05.30"]

1. b3 Nf6 2. Bb2 e6 3. e3 d5 4. f4 c5 5. Nf3 Nc6 6. Bb5 Be7 7. Bxc6+ bxc6 8. Ne5
Qc7 9. O-O O-O 10. d3 Ba6 11. Nd2 Rab8 12. Qe1 c4 13. dxc4 Bb4 14. c3 Bd6 15.
Ndf3 dxc4 16. b4 c5 17. a3 Ne4 18. Qh4 f6 19. Ng4 Bb7 20. Nf2 Bd5 21. Nxe4 Bxe4
22. Rad1 a5 23. Qg3 axb4 24. axb4 cxb4 25. cxb4 Rxb4 26. Ba3 Rb6 27. Bxd6 Rxd6
28. f5 e5 29. Nh4 Bd3 30. Rf2 Rfd8 31. Ra2 Qd7 32. Rda1 Bxf5 33. Ra7 Be6 34.
Rxd7 R6xd7 35. Ra6 Bf7 36. Nf3 Rd1+ 37. Kf2 Rb1 38. Qg4 Rb2+ 39. Kg3 Bg6 40. Kh3
f5 41. Qg5 Bf7 42. Ra7 Rf8 43. Qe7 h6 44. Qd7 f4 45. Nxe5 Bh5 46. Qxg7# 1-0

[Event "Women's Speed Chess Q3"]
[Site "chess.com INT"]
[Date "2021.05.30"]
[Round "8"]
[White "Arpita, Mukherjee"]
[Black "Jakubowska, Anna"]
[Result "1-0"]
[WhiteTitle "WIM"]
[BlackTitle "WIM"]
[WhiteElo "2206"]
[BlackElo "2073"]
[WhiteFideId "5056403"]
[BlackFideId "1121952"]
[EventDate "2021.05.30"]

1. e4 c6 2. d4 d5 3. e5 Bf5 4. Nf3 e6 5. Be2 Nd7 6. O-O Ne7 7. a4 h6 8. a5 g5 9.
Ne1 Bg7 10. c3 Qc7 11. f4 gxf4 12. Bxf4 O-O-O 13. Nd2 Rhg8 14. c4 Ng6 15. Bg3 h5
16. cxd5 exd5 17. e6 Bxd4+ 18. Kh1 Be5 19. Rxf5 fxe6 20. Rxe5 Ndxe5 21. Bxh5 Qh7
22. a6 b6 23. Rc1 c5 24. b4 c4 25. Bxg6 Nxg6 26. Nxc4 Kd7 27. Ne5+ Nxe5 28. Nd3
Qxd3 29. Rc7+ Ke8 30. Qh5+ Ng6 31. h3 Qxg3 32. Qh7 Qe1+ 33. Kh2 Qe5+ 34. Kh1
Qe1+ 35. Kh2 Qe5+ 36. g3 Qf6 37. Qxg8+ Nf8 38. Qg4 Qf2+ 39. Kh1 Qe1+ 40. Kh2
Qd2+ 41. Kh1 Qe1+ 42. Kh2 Qf2+ 43. Kh1 Qf1+ 44. Kh2 Qf6 45. Qh5+ Qg6 46. Qe5 1-0

[Event "Women's Speed Chess Q3"]
[Site "chess.com INT"]
[Date "2021.05.30"]
[Round "8"]
[White "Tokhirjonova, Gulrukhbegim"]
[Black "Soumya, Swaminathan"]
[Result "1-0"]
[WhiteTitle "WGM"]
[BlackTitle "IM"]
[WhiteElo "2350"]
[BlackElo "2351"]
[WhiteFideId "14203626"]
[BlackFideId "5016193"]
[EventDate "2021.05.30"]

1. Nf3 Nf6 2. Ng1 g6 3. e4 Nxe4 4. d3 Nf6 5. Nf3 Bg7 6. Be2 O-O 7. O-O d6 8. Nc3
e5 9. h3 Nc6 10. Be3 d5 11. d4 exd4 12. Nxd4 Nxd4 13. Bxd4 c6 14. Bf3 Bf5 15.
Qd2 Qd7 16. Rad1 Rfe8 17. Rfe1 Rxe1+ 18. Rxe1 Re8 19. Rd1 Ne4 20. Bxe4 Bxe4 21.
Bxg7 Kxg7 22. Qd4+ f6 23. Nxe4 Qe7 24. Nc3 b6 25. Qd2 Qe5 26. g3 d4 27. Nb1 c5
28. c3 dxc3 29. Nxc3 Qe6 30. Qd3 Qxh3 31. Qd7+ Qxd7 32. Rxd7+ Kh6 33. Rxa7 Rd8
34. Rb7 Rd6 35. Kg2 f5 36. a4 Kg5 37. Kf3 h5 38. Ke2 Kf6 39. Nb5 Re6+ 40. Kd2
Ke5 41. Rd7 Rc6 42. Kc3 Ke6 43. Rd2 Kf6 44. Kc4 Ke5 45. Re2+ Kf6 46. Kd5 Rc8 47.
Re6+ Kf7 48. Rxb6 Rd8+ 49. Rd6 Ra8 50. Kxc5 Rxa4 51. Nc3 Ra1 52. Rd2 Rf1 53. b4
g5 54. b5 h4 55. gxh4 1-0

[Event "Women's Speed Chess Q3"]
[Site "chess.com INT"]
[Date "2021.05.30"]
[Round "8"]
[White "Agrest, Inna"]
[Black "Berend, Elvira"]
[Result "1-0"]
[WhiteTitle "WIM"]
[BlackTitle "WGM"]
[WhiteElo "2285"]
[BlackElo "2326"]
[WhiteFideId "1708830"]
[BlackFideId "4000510"]
[EventDate "2021.05.30"]

1. e4 c5 2. d4 cxd4 3. c3 d3 4. Bxd3 Nc6 5. Nf3 g6 6. O-O Bg7 7. Re1 d6 8. Nbd2
Nf6 9. Nf1 O-O 10. Ne3 a6 11. Bc2 Rb8 12. a4 Bd7 13. h3 b5 14. axb5 axb5 15. Nd5
b4 16. c4 Re8 17. Rb1 Nxd5 18. exd5 Ne5 19. Nxe5 Bxe5 20. c5 Bb5 21. Bh6 Bf6 22.
c6 Qb6 23. Qf3 Qd4 24. Be3 Qh4 25. b3 Rbc8 26. Rbd1 Bg7 27. Bf4 Qf6 28. Qe3 Qc3
29. Bg5 Qxe3 30. Rxe3 Kf8 31. Rde1 h6 32. Bxe7+ Rxe7 33. Rxe7 Bf6 34. Rb7 Bxc6
35. dxc6 Rxc6 36. Be4 Rc8 37. Rd1 Be5 38. Bd5 Rc3 39. Rxf7+ Ke8 40. Rh7 Rc5 41.
Rxh6 Ke7 42. Rxg6 Kf8 43. Re6 Kg7 44. Re8 Rc3 45. Rb8 Rc7 46. Rxb4 Kf6 47. Rb7
Rc5 48. b4 Rc2 49. b5 Rb2 50. b6 Bc3 51. Rf7+ Ke5 52. f4# 1-0

[Event "Women's Speed Chess Q3"]
[Site "chess.com INT"]
[Date "2021.05.30"]
[Round "8"]
[White "Narva, Mai"]
[Black "Putri, Regita Desyari"]
[Result "1-0"]
[WhiteTitle "WIM"]
[BlackTitle "WFM"]
[WhiteElo "2276"]
[BlackElo "1897"]
[WhiteFideId "4500512"]
[BlackFideId "7109083"]
[EventDate "2021.05.30"]

1. e4 e5 2. Nc3 Nf6 3. f4 d5 4. fxe5 Nxe4 5. Qf3 Nxc3 6. dxc3 Be7 7. Bf4 c6 8.
Bd3 Qb6 9. O-O-O Be6 10. Ne2 Nd7 11. Nd4 Nc5 12. Be3 Qc7 13. Nf5 Nxd3+ 14. Rxd3
O-O-O 15. Nxg7 Qxe5 16. Bd4 Qg5+ 17. Kb1 Bg4 18. Qf2 Rhg8 19. Re1 Bd6 20. Bf6
Qg6 21. Bxd8 Qxg7 22. Bf6 Qg6 23. Be5 Bb8 24. h3 Be6 25. Rg3 Qxg3 26. Bxg3 Bxg3
27. Qxa7 Bxe1 28. Qa8+ Kd7 29. Qxg8 h5 30. Qg5 h4 31. Kc1 Bg3 32. a4 Kd6 33. Kb1
Be5 34. Qd8+ Kc5 35. Qe7+ Kb6 36. a5+ Kxa5 37. Qxb7 Bc7 38. Qxc7+ Kb5 39. Qd8
Kc5 40. Qxh4 Kd6 41. Qf4+ Ke7 42. h4 f6 43. h5 Kf7 44. h6 Kg6 45. Qd6 Kxh6 46.
Qxe6 Kg5 47. Qxc6 f5 48. Qxd5 Kf4 49. c4 Kg3 50. c5 f4 51. c6 f3 52. Qxf3+ 1-0

[Event "Women's Speed Chess Q3"]
[Site "chess.com INT"]
[Date "2021.05.30"]
[Round "8"]
[White "Gaponenko, Inna"]
[Black "Vantika, Agrawal"]
[Result "1-0"]
[WhiteTitle "IM"]
[BlackTitle "WIM"]
[WhiteElo "2357"]
[BlackElo "2286"]
[WhiteFideId "14101181"]
[BlackFideId "25050389"]
[EventDate "2021.05.30"]

1. e4 c5 2. c3 Nf6 3. e5 Nd5 4. Bc4 Nb6 5. Bb3 c4 6. Bc2 Nc6 7. Nf3 d6 8. exd6
Qxd6 9. O-O Bg4 10. Re1 O-O-O 11. Na3 e5 12. b3 f5 13. h3 Bxf3 14. Bxf5+ Kb8 15.
Qxf3 Be7 16. Qg3 Rhf8 17. Be4 cxb3 18. axb3 a6 19. Nc4 Nxc4 20. bxc4 Qc5 21. Ba3
Qxc4 22. Bxe7 Nxe7 23. Qxe5+ Qc7 24. Qxc7+ Kxc7 25. Bxb7 Nf5 26. Be4 Rxd2 27.
Rxa6 Nd6 28. Bf3 Nb5 29. Re7+ Kd8 30. Rxg7 Nc7 31. Ra7 Rd7 32. Rg5 Re8 33. Kh2
Rf8 34. Re5 h6 35. Bg4 Rg7 36. Bf3 Rd7 37. Rh5 Rh7 38. Rc5 Rd7 39. c4 Re7 40.
Rc6 Rd7 41. c5 Ke7 42. Rxh6 Ne6 43. Rxe6+ Kxe6 44. Bg4+ Kd5 45. Rxd7+ Kxc5 46.
Rg7 Rxf2 47. Kg3 Rd2 48. h4 Kc6 49. h5 Rd3+ 50. Bf3+ Kd6 51. h6 Ke6 52. h7 Kf5
53. h8=Q 1-0